Catalog

Record Details

Catalog Search



Here we go round the mulberry bush / Sophie Fatus ... Read More

Fatus, Sophie.(Author).
Penner, Fred.(Added Author).

Available copies

  • 1 of 1 copy available at LARL/NWRL Consortium.

Current holds

0 current holds with 1 total copy.

Show Only Available Copies
Location Call Number / Copy Notes Barcode Shelving Location Status Due Date
Godel Memorial-Warren Library e 782.42 FAT (Text) 35500004176622 Main Available -

Record details

  • ISBN: 9781846860355
  • ISBN: 1846860350
  • Physical Description: 1 v. (unpaged) : col. ill. ; 25 cm. + 1 sound disc ... Read More
  • Publisher: Cambridge, MA : Barefoot Books, 2007.

Content descriptions

Summary, etc.:
Presents ten verses of the popular song, with ... Read More
Subject: Children's songs, English > United States > Texts.
Morning > Songs and music.
Songs.
LDR 01049cam a2200253Ka 4500
00188748
003LARL_NWRL_CONSORTIUM
00520071012100232.0
008070813s2007 maua b 000 0 eng
010 . ‡z2006025656
020 . ‡a9781846860355
020 . ‡a1846860350
040 . ‡aHHO ‡cHHO ‡dYDXCP ‡dLF3 ‡dBAKER
08204. ‡a782.42 ‡aE ‡222
1001 . ‡aFatus, Sophie. ‡0(LARL_NWRL_CONSORTIUM)123655
24510. ‡aHere we go round the mulberry bush / ‡cSophie Fatus & Fred Penner.
260 . ‡aCambridge, MA : ‡bBarefoot Books, ‡c2007.
300 . ‡a1 v. (unpaged) : ‡bcol. ill. ; ‡c25 cm. + ‡e1 sound disc : digital ; 4 3/4 cm.
520 . ‡aPresents ten verses of the popular song, with illustrations of children from different cultures as they get ready for school.
650 0. ‡aChildren's songs, English ‡zUnited States ‡vTexts. ‡0(LARL_NWRL_CONSORTIUM)164261
650 1. ‡aMorning ‡vSongs and music.
650 1. ‡aSongs. ‡0(LARL_NWRL_CONSORTIUM)31426
7001 . ‡aPenner, Fred. ‡0(LARL_NWRL_CONSORTIUM)86705
901 . ‡a88748 ‡bISxN ‡c88748 ‡tbiblio

Additional Resources